000 00648nam a2200241Ia 4500
003 OSt
005 20221005085206.0
006 a|||||r|||| 00| 0
007 ta
008 221004b |||||||| |||| 00| 0 eng d
024 _a47926
037 _cTextual
040 _aCRL
_cCRL
_beng
041 _2eng
_aeng
082 _aO111,2:g, K6
100 _aMyers Henry Alonzo
_9614014
245 0 _aTragedy
_b A view of life
260 _aNew York
_bCornell University Press USA
_c1965
300 _a210p.
_ccm.
650 _aENGLISH LITERATURE
942 _hO111,2:g, K6
_cTEXL
_2cc
999 _c993826
_d993826